000 00772cam a2200265 a 4500
001 12083097
005 20180104073206.0
008 000627s1999 txu 000 0 eng d
010 _a 00269078
020 _a0030515920 (Annotated Teacher's Edition)
035 _a(OCoLC)ocm39496001
040 _aMNW
_cMNW
_dDLC
041 _aeng
042 _alccopycat
043 _an-us---
080 _a320.4730712 HOL
082 0 0 _a320.4730712 HOL
_221
100 1 _a19
101 _aPOL
245 1 0 _aHolt American government /
_cSteven Kelman.
246 3 _aAmerican government
906 _a7
_bcbc
_ccopycat
_d3
_encip
_f20
_gy-gencatlg
942 _2ddc
_cBK
999 _c39723
_d39723